Statystyki dla Herby powiatów w województwie wielkopolskim

Kliknij tutaj aby rozwiązać quiz!

Ogólne statystyki

  • Ten quiz został rozwiązany 11 razy
  • Średni wynik to 25 z 35

Statystyki odpowiedzi

Odpowiedź% Poprawnych
Poznań
100%
pilski
91%
rawicki
91%
gnieźnieński
82%
kaliski
82%
Kalisz
82%
kolski
82%
Konin
82%
leszczyński
82%
śremski
82%
wągrowiecki
82%
wrzesiński
82%
czarnkowsko-trzcianecki
73%
krotoszyński
73%
ostrowski
73%
pleszewski
73%
poznański
73%
słupecki
73%
szamotulski
73%
turecki
73%
gostyński
64%
grodziski
64%
jarociński
64%
kępiński
64%
koniński
64%
kościański
64%
Leszno
64%
obornicki
64%
średzki
64%
wolsztyński
64%
złotowski
64%
chodzieski
55%
międzychodzki
55%
ostrzeszowski
55%
nowotomyski
45%

Rozkład punktacji

Percentyl według liczby udzielonych odpowiedzi

Procent ludzi z każdym wynikiem

Twoja historia wyników

Nie rozwiązałeś tego quizu